Countries of the World Quiz by shortest border - Statistics

General Stats
  • This quiz has been taken 58 times
  • The average score is 123 of 196
Answers on the Map
Answers color-coded by a green-red scale on the quiz's map according to % correct below.
 
Answer Stats
Country % Correct
Estonia
88%
Mongolia
88%
North Korea
88%
Norway
88%
Ireland
86%
Spain
86%
Andorra
79%
Belize
79%
Luxembourg
79%
Monaco
79%
Morocco
79%
Netherlands
79%
Portugal
79%
Suriname
79%
United Kingdom
79%
United States
79%
Canada
77%
Burundi
74%
Colombia
74%
Afghanistan
72%
Albania
72%
Angola
72%
Azerbaijan
72%
Bhutan
72%
Chile
72%
Finland
72%
Greece
72%
Haiti
72%
Laos
72%
Nepal
72%
Pakistan
72%
Russia
72%
South Korea
72%
Tajikistan
72%
Belgium
70%
Denmark
70%
Dominican Republic
70%
Egypt
70%
Germany
70%
Hungary
70%
Lebanon
70%
Mexico
70%
San Marino
70%
Sweden
70%
Syria
70%
Vatican City
70%
Armenia
67%
Austria
67%
Benin
67%
Bosnia and Herzegovina
67%
Botswana
67%
Croatia
67%
Czech Republic
67%
Kosovo
67%
Libya
67%
Namibia
67%
Poland
67%
Romania
67%
Switzerland
67%
Ukraine
67%
United Arab Emirates
67%
Venezuela
67%
Yemen
67%
Argentina
65%
Belarus
65%
Brazil
65%
Burkina Faso
65%
Cambodia
65%
Central African Republic
65%
Costa Rica
65%
Georgia
65%
India
65%
Iran
65%
Israel
65%
Kuwait
65%
Lesotho
65%
Lithuania
65%
Mozambique
65%
Myanmar
65%
Nigeria
65%
Peru
65%
Qatar
65%
Rwanda
65%
Senegal
65%
South Africa
65%
Vietnam
65%
Zimbabwe
65%
Algeria
63%
Bangladesh
63%
Bolivia
63%
Chad
63%
El Salvador
63%
Equatorial Guinea
63%
Eritrea
63%
Ethiopia
63%
Gabon
63%
Gambia
63%
Guatemala
63%
Guinea-Bissau
63%
Liechtenstein
63%
Moldova
63%
Paraguay
63%
Saudi Arabia
63%
Slovakia
63%
Somalia
63%
Tunisia
63%
Uruguay
63%
Brunei
60%
Cameroon
60%
Democratic Republic of the Congo
60%
East Timor
60%
Ecuador
60%
France
60%
Guinea
60%
Indonesia
60%
Iraq
60%
Jordan
60%
Kyrgyzstan
60%
Montenegro
60%
Nicaragua
60%
Niger
60%
Oman
60%
Panama
60%
Papua New Guinea
60%
Republic of the Congo
60%
Slovenia
60%
Tanzania
60%
Thailand
60%
Uganda
60%
Eswatini
58%
Guyana
58%
Kenya
58%
Latvia
58%
Malaysia
58%
North Macedonia
58%
Sierra Leone
58%
Sudan
58%
Turkey
58%
China
56%
Djibouti
56%
Ghana
56%
Italy
56%
Ivory Coast
56%
Liberia
56%
Malawi
56%
Mali
56%
Mauritania
56%
Togo
56%
Uzbekistan
56%
Bulgaria
53%
Honduras
53%
South Sudan
53%
Turkmenistan
53%
Zambia
53%
Antigua and Barbuda
51%
Australia
51%
Bahamas
51%
Bahrain
51%
Barbados
51%
Cape Verde
51%
Comoros
51%
Cuba
51%
Cyprus
51%
Dominica
51%
Federated States of Micronesia
51%
Fiji
51%
Grenada
51%
Iceland
51%
Jamaica
51%
Japan
51%
Kiribati
51%
Madagascar
51%
Maldives
51%
Malta
51%
Marshall Islands
51%
Mauritius
51%
Nauru
51%
New Zealand
51%
Palau
51%
Philippines
51%
Saint Kitts and Nevis
51%
Saint Lucia
51%
Saint Vincent and the Grenadines
51%
Samoa
51%
São Tomé and Príncipe
51%
Seychelles
51%
Singapore
51%
Solomon Islands
51%
Sri Lanka
51%
Taiwan
51%
Tonga
51%
Trinidad and Tobago
51%
Tuvalu
51%
Vanuatu
51%
Serbia
49%
Kazakhstan
44%
No matching quizzes found
Score Distribution
Percent of People with Each Score
Percentile by Number Answered
Your Score History
You have not taken this quiz